Jakub Jakobeus - život, dielo a doba. /

Uložené v:
Podrobná bibliografia
Ďalší autori: Otčenáš, Michal (Compiler)
Médium: Kniha
Jazyk:Slovak
Vydané: Prešov : Podnik výpočtovej techniky - Katedra dejín a archívnictva FF UPJŠ, 1993
Vydanie:1. vyd.
Témy:
ISBN: 8096703102 (brož.)
Fyzický popis: 129 s. : obr. príl.
Tagy: Pridať tag
Žiadne tagy, Buďte prvý kto otaguje tento záznam!

MARC

LEADER 00000nam a2200000 a 4500
001 000074009
003 SVKK
005 20010430000000.0
008 001004s1993 xo e sloo
020 |a 8096703102 (brož.) 
040 |a SVKKK  |b slo  |c SVKKK  |e AACR2 
041 0 |a slo 
044 |a xo  |c SK 
080 |a 929 Jakobeus, J.  |2 1997 
245 0 0 |a Jakub Jakobeus - život, dielo a doba. /  |c Zost. Michal Otčenáš 
250 |a 1. vyd. 
260 |a Prešov :  |b Podnik výpočtovej techniky - Katedra dejín a archívnictva FF UPJŠ,  |c 1993 
300 |a 129 s. :  |b obr. príl. 
653 0 |a Jakobeus, Jakub, 1591-1645  |2 SVKKKPH 
653 0 |a život a dielo  |2 SVKKKPH 
653 0 |a zborníky  |2 SVKKKPH 
655 7 |a zborníky  |2 SVKKKPH 
700 1 |a Otčenáš, Michal  |4 com 
910 |a svkkk 
919 |a 80-967031-0-2 
974 |a UH  |d 20001004 
974 |a PA  |d 20001004 
974 |a PA  |d 20010430 
998 |a BK 
090 |g SCKHL  |k Sklad Pribinova 2. posch.  |a III.160984  |j 866184  |i 2720206049  |s Absenčne 
090 |g SCKHL  |k Sklad Pribinova 2. posch.  |a III.160985  |j 866185  |i 2720628181  |s Absenčne